000
00247nam a2200097Ia 4500
082
_a
959.704342 SALL
245
0
_a
Tiger Force
100
_a
SALLAH, Michael London, 2007
_9
34862
942
_c
BK
008
210816s9999 xx 000 0 und d
999
_c
126366
_d
126365